000 01567nam a2200433 i 4500
001 50983
003 FINmELB
005 20241216232253.0
006 m o d |
007 cr cnu||||||||
008 230328s1994 sp o 001 0 spa d
017 _aM-7203-1994
_b1994
020 _a9788485498352
_q(print)
035 _a(OCoLC)1377206139
040 _aFINmELB
_bspa
_erda
_cFINmELB
050 4 _aRC509.8
_bC564 1994
080 _a615.851.13(047)
082 0 4 _a616.8917
_223
100 1 _aChévez, María,
_d1940-
_eautora.
245 1 3 _aLa histeria y los sueños /
_cMaría Chévez.
264 1 _aMadrid, España :
_bEditorial Grupo Cero,
_c1994.
300 _a1 recurso en línea (87 páginas)
336 _atexto
_btxt
_2rdacontent/spa
337 _acomputadora
_bc
_2rdamedia/spa
338 _arecurso en línea
_bcr
_2rdacarrier/spa
490 1 _aColección Psicoanálisis y Medicina
500 _aIncluye índice.
588 _aDescripción basada en metadatos suministrados por el editor y otras fuentes.
590 _aRecurso electrónico. Santa Fe, Arg.: elibro, 2023. Disponible vía World Wide Web. El acceso puede estar limitado para las bibliotecas afiliadas a elibro.
650 4 _aPsicoanálisis.
650 4 _aPsicoanálisis
_xCasos clínicos.
650 4 _aPsicología.
650 4 _aSalud y bienestar.
650 4 _aSexualidad.
655 4 _aLibros electrónicos.
797 2 _aelibro, Corp.
830 0 _aColección Psicoanálisis y Medicina.
856 4 0 _uhttps://elibro.net/ereader/politecnicointernacional/204142
999 _c50983
_d50983